[Event "Madrid-ch U16"]
[Site "Madrid"]
[Date "2022.04.09"]
[Round "4"]
[White "Gilardi Olarrea, Mikel"]
[Black "Jimenez Carrazoni, Javier"]
[Result "0-1"]
[WhiteElo "1374"]
[BlackElo "1617"]
[PlyCount "68"]
[EventDate "2022.04.02"]
[EventType "swiss"]
[EventRounds "6"]
[EventCountry "ESP"]
[SourceTitle "EXT 2024"]
[Source "ChessBase"]
[SourceDate "2023.10.10"]
[SourceVersion "1"]
[SourceVersionDate "2023.10.10"]
[SourceQuality "1"]

1. d4 d5 2. c4 e6 3. Nf3 c5 4. g3 Nc6 5. cxd5 exd5 6. Nc3 Nf6 7. Bg2 Be7 8. 0-0 0-0 9. Re1 Bg4 10. Be3 c4 11. Ne5 Bf5 12. a3 Na5 13. Nf3 a6 14. Nd2 Rc8 15. Bg5 b5 16. f3 h6 17. e4 dxe4 18. Be3 exf3 19. Bxf3 Nh7 20. d5 Bf6 21. Nde4 Bxe4 22. Bxe4 Nb7 23. Qc2 Ng5 24. Rad1 Nd6 25. Bf4 Ndxe4 26. Nxe4 Nf3+ 27. Kf1 Nxe1 28. Rxe1 Qxd5 29. Bxh6 Qf5+ 30. Bf4 g5 31. Kg2 gxf4 32. Rf1 Be5 33. Qe2 c3 34. gxf4 c2 0-1

[Event "Madrid-ch Previa-B"]
[Site "Madrid"]
[Date "2022.03.04"]
[Round "2"]
[White "Portero Rubio, Martin"]
[Black "Jimenez Carrazoni, Javier"]
[Result "0-1"]
[WhiteElo "1846"]
[BlackElo "1584"]
[PlyCount "74"]
[EventDate "2022.03.03"]
[EventType "swiss"]
[EventRounds "9"]
[EventCountry "ESP"]
[SourceTitle "EXT 2023"]
[Source "ChessBase"]
[SourceDate "2022.10.05"]
[SourceVersion "1"]
[SourceVersionDate "2022.10.05"]
[SourceQuality "1"]

1. e4 c5 2. Nf3 Nc6 3. Bb5 g6 4. Bxc6 dxc6 5. d3 Bg7 6. h3 Nf6 7. Nc3 0-0 8. Be3 b6 9. Qd2 Qc7 10. Bf4 Qb7 11. 0-0 Rd8 12. Qe3 Nd7 13. Rae1 e5 14. Bh6 Re8 15. Bxg7 Kxg7 16. Nd2 Nf8 17. Nc4 Qe7 18. f4 exf4 19. Qxf4 Ne6 20. Qe5+ f6 21. Qg3 Nd4 22. Rf2 Be6 23. Nd6 Red8 24. e5 f5 25. Nd1 Kh8 26. a4 g5 27. h4 Rg8 28. hxg5 Rxg5 29. Qf4 Rh5 30. c3 Rh4 31. Qe3 f4 32. Qd2 Nb3 33. Qc2 Qg5 34. d4 Qh5 35. Rf3 Rh1+ 36. Kf2 Qh4+ 37. g3 Qh2# 0-1

[Event "Collado Villalba op 38th"]
[Site "Collado Villalba"]
[Date "2021.08.27"]
[Round "7"]
[White "Jimenez Carrazoni, Javier"]
[Black "Paniagua Quinones, Carlos"]
[Result "1-0"]
[WhiteElo "1453"]
[BlackElo "1614"]
[PlyCount "128"]
[EventDate "2021.08.21"]
[EventType "swiss"]
[EventRounds "9"]
[EventCountry "ESP"]
[SourceTitle "CBM 204 Extra"]
[Source "ChessBase"]
[SourceDate "2021.11.30"]
[SourceVersion "1"]
[SourceVersionDate "2021.11.30"]
[SourceQuality "1"]

1. d4 d5 2. Bf4 c5 3. e3 Nc6 4. c3 Nf6 5. Nd2 Bf5 6. Ngf3 e6 7. Be2 Bd6 8. Ne5 cxd4 9. exd4 Bxe5 10. dxe5 Nd7 11. Nf3 Qc7 12. Bb5 0-0 13. Bxc6 bxc6 14. 0-0 Bg4 15. Re1 Rab8 16. b4 Nb6 17. h3 Bxf3 18. Qxf3 Nc4 19. Qg3 Rbe8 20. Rad1 Qb7 21. Bg5 Kh8 22. Qh4 Qc7 23. Bf6 Rg8 24. Bg5 Nxe5 25. Qf4 f6 26. Bxf6 gxf6 27. Qxf6+ Rg7 28. Rxe5 Qf7 29. Qxf7 Rxf7 30. Rde1 Rf6 31. c4 d4 32. Rd1 Rd8 33. Re4 d3 34. f3 Kg7 35. Kf2 Rg6 36. Rg4 Rxg4 37. hxg4 Rd4 38. a3 Rxc4 39. Rxd3 a5 40. bxa5 Ra4 41. Rd6 Rxa5 42. Rxe6 Rxa3 43. Rxc6 Ra2+ 44. Kg3 Rb2 45. Ra6 Rc2 46. Kh3 h6 47. Ra3 Rb2 48. f4 Kf6 49. Kg3 Kg6 50. Kf3 Kf6 51. g3 Rb4 52. Ke3 Kg6 53. Kf3 Rc4 54. Kg2 Rc2+ 55. Kh3 Rb2 56. Ra6+ Kg7 57. f5 Rf2 58. g5 h5 59. Ra7+ Kg8 60. g4 hxg4+ 61. Kxg4 Rg2+ 62. Kh5 Rh2+ 63. Kg6 Kf8 64. f6 Re2 1-0

[Event "ESP-ch U14"]
[Site "Salobrena"]
[Date "2021.07.12"]
[Round "2"]
[White "Sanchez Aguilar, Arnau"]
[Black "Jimenez Carrazoni, Javier"]
[Result "1-0"]
[WhiteElo "1824"]
[BlackElo "1584"]
[PlyCount "71"]
[EventDate "2021.07.12"]
[EventType "swiss"]
[EventRounds "9"]
[EventCountry "ESP"]
[SourceTitle "EXT 2022"]
[Source "ChessBase"]
[SourceDate "2021.10.06"]
[SourceVersion "1"]
[SourceVersionDate "2021.10.06"]
[SourceQuality "1"]

1. e4 c5 2. c3 Nf6 3. e5 Nd5 4. d4 cxd4 5. cxd4 d6 6. Nf3 Nc6 7. Bc4 dxe5 8. dxe5 Ndb4 9. 0-0 Qxd1 10. Rxd1 Bg4 11. Nbd2 Rd8 12. Bb3 Nd4 13. Ba4+ b5 14. Nxd4 bxa4 15. N4f3 g6 16. b3 a3 17. e6 Bg7 18. Rb1 Nxa2 19. exf7+ Kxf7 20. Bxa3 Bf5 21. Ng5+ Ke8 22. Re1 Bf6 23. Nde4 Bxg5 24. Nxg5 Rd7 25. Ra1 h6 26. Nf3 Nc3 27. Bb2 Rc7 28. Rac1 Kf7 29. Rxc3 Rxc3 30. Bxc3 Rb8 31. b4 Rd8 32. h3 Bd7 33. Bd4 a6 34. Bc5 Be6 35. Ne5+ Kf6 36. Bxe7+ 1-0